[Event "SVK ECo-C Extraliga 2018-19"]
[Site "Slovakia"]
[Date "2018.12.08"]
[Round "3"]
[White "Zilka, Stepan"]
[Black "Gazik, Viktor"]
[Result "1-0"]
[WhiteElo "2530"]
[BlackElo "2483"]
[Annotator "TA"]
[PlyCount "70"]
[EventDate "2018.11.10"]
[EventType "team-tourn"]
[EventCountry "SVK"]
[SourceTitle "playchess.com"]
[Source "ChessBase"]
[SourceQuality "1"]
[WhiteTeam "Prakovce"]
[BlackTeam "Podhajska"]

{[%evp 12,70,66,42,73,50,74,75,75,65,83,79,87,92,97,87,88,89,97,90,108,89,109,106,133,106,114,86,74,76,77,62,78,78,79,72,25,0,52,31,56,49,56,69,131,93,108,99,94,102,157,52,54,0,853,817,868,860,1046,1055,29999]} 1. e4 c5 2. Nf3 Nf6 3. e5 Nd5 4. Nc3 Nxc3 5. dxc3 Nc6 6. Bf4 Qb6 {B29: Sicilian: 2 Nf3 Nf6 (Nimzowitsch Variation)} 7. Rb1 {LiveBook: 9 Games} (7. b3 {is interesting.} h6 8. Bg3 g5 9. h4 g4 10. Nd2) (7. b3 Qc7 8. Qd2 e6 9. O-O-O h6 10. Qe3 a6 11. Nd2 b5 12. h4 c4 13. Kb1 Bb7 14. Qg3 {½-½ (31) Motylev,A (2675)-Rakhmanov,A (2654) Sochi 2017}) 7... e6 8. Bd3 h6 {White is slightly better.} 9. O-O Qc7 10. Re1 a6 $146 ({Predecessor:} 10... b6 11. Nd2 d5 12. exd6 Bxd6 13. Bxd6 Qxd6 {1-0 (22) Belikov,V (2470)-Losev,D (2350) Moscow 1995}) 11. Bg3 b6 12. Nd2 $36 {[%mdl 2048] White is on the roll.} Bb7 13. Qh5 Ne7 {[%cal Bc6e7,Be7f5,Bf5h4][%mdl 32]} 14. Qe2 b5 15. c4 b4 16. a3 Qc6 {[%csl Gb7][%cal Rc6g2] [#]} 17. f3 Nf5 18. Bf2 Be7 19. Be4 Qc7 20. Bxb7 Qxb7 21. Qe4 Qc8 22. g4 Nh4 23. Red1 h5 24. Ra1 Rb8 (24... Ng6 $11) 25. b3 (25. axb4 {keeps more tension.} cxb4 26. g5 Nf5 27. f4 O-O 28. b3) 25... hxg4 26. fxg4 f5 27. exf6 Bxf6 ({Black should play} 27... gxf6 $14 28. Bxh4 Rxh4) 28. Bxh4 Rxh4 {[#]} 29. Nf3 $1 {[%cal Rf3h4]} Bxa1 30. Rxa1 Rh8 (30... Rh6 $142) 31. Qg6+ (31. Rd1 $16) 31... Kd8 $14 {next ...Kc7 is good for Black.} 32. Qg5+ ({Better is} 32. Ne5 $14 bxa3 33. Qxg7) 32... Ke8 $2 {[%mdl 8192]} (32... Kc7 $11) 33. Qxg7 {White is clearly winning.} Rf8 34. Ne5 Qb7 35. Ng6 {[%csl Gg6][%cal Rg7f8]} Rh8 {Precision: White = 64%, Black = 40%.} 1-0

[Event "SVK ECo-C Extraliga 2018-19"]
[Site "Slovakia"]
[Date "2018.12.08"]
[Round "3"]
[White "Ftacnik, Lubomir"]
[Black "Jablonicky, Martin"]
[Result "1/2-1/2"]
[WhiteElo "2512"]
[BlackElo "2330"]
[Annotator "TA"]
[PlyCount "100"]
[EventDate "2018.11.10"]
[EventType "team-tourn"]
[EventCountry "SVK"]
[SourceTitle "playchess.com"]
[Source "ChessBase"]
[SourceQuality "1"]
[WhiteTeam "Slovan"]
[BlackTeam "Osuske"]

{[%evp 28,100,35,36,35,35,34,31,31,22,31,18,10,7,7,0,36,36,33,29,44,12,14,10,15,0,14,11,11,11,26,31,22,25,25,32,61,0,0,0,0,0,0,0,7,7,50,50,50,50,50,51,50,50,50,44,47,7,7,7,27,0,0,0,0,0,0,0,0,0,0,0,0,0,0]} 1. d4 Nf6 2. Nf3 g6 3. c4 Bg7 4. Nc3 O-O 5. e4 d6 6. Be2 e5 7. O-O exd4 8. Nxd4 Re8 9. f3 Nc6 10. Be3 Nh5 11. Qd2 Nf4 12. Rad1 Nxd4 13. Bxd4 Bxd4+ 14. Qxd4 Qg5 {E94: King's Indian: Classical: 6 Be2 e5 7 0-0: Various Black 7th moves} 15. g3 {LiveBook: 7 Games} Nxe2+ 16. Nxe2 b6 {White is slightly better.} 17. Nf4 {[#] aiming for Nd5.} (17. Nc3 Bb7 18. Nd5 Bxd5 19. cxd5 Re7 {½-½ (44) Shirov,A (2703)-Saric,I (2666) Poikovsky 2014}) 17... Bb7 18. Rf2 Re7 19. Nd5 (19. b4 {with more complications.} Qe5 20. c5 dxc5 21. bxc5 g5 22. Nh5) 19... Bxd5 $1 20. Qxd5 Qxd5 21. cxd5 $11 {[%mdl 4096] Endgame KRR-KRR} f5 $146 ({Predecessor:} 21... Rf8 22. Rd4 {1-0 (61) Prohaszka,P (2470)-Videki,S (2420) Hungary 2008}) 22. exf5 gxf5 23. Rc2 a5 24. Rd3 a4 25. Kf2 Ra5 26. Re3 Rxe3 27. Kxe3 {KR-KR} Rc5 28. Rc3 Kf7 29. Kd4 Kf6 30. a3 Rb5 $1 31. Rxc7 Rxb2 32. Rd7 (32. Rxh7 $14 b5 33. f4) 32... Rd2+ 33. Kc4 Rc2+ 34. Kd3 Rxh2 {Black wants to play ...Ke5.} 35. Rxd6+ Ke5 36. Rxb6 Ra2 (36... Kxd5 {is more complex.} 37. Ra6 Rh3 38. Rxa4 Rxg3 39. Ke3 Ke5) 37. Ra6 Kxd5 38. Rxa4 Rg2 39. Ke3 {Black must now prevent Kf4.} Rxg3 40. Kf4 Rh3 $1 {[%cal Rh3h4] [#] Threatens to win with ...Rh4+.} 41. Ra5+ Ke6 42. a4 {Black should prevent Re5+.} Rh4+ 43. Kg5 Rb4 44. Ra8 h6+ {The position is equal.} 45. Kxh6 {And now Kg5 would win.} Rf4 46. a5 Kf6 {[%cal Rf4h4]} 47. Rf8+ Ke7 48. Kg5 Rxf3 49. Rxf5 Rxf5+ 50. Kxf5 {Intending a6 and mate.} Kd6 {Accuracy: White = 58%, Black = 75%.} 1/2-1/2

[Event "SVK ECo-C Extraliga 2018-19"]
[Site "Slovakia"]
[Date "2018.12.08"]
[Round "3"]
[White "Horvath, Csaba"]
[Black "Leniart, Arkadiusz"]
[Result "1-0"]
[WhiteElo "2510"]
[BlackElo "2505"]
[Annotator "TA"]
[PlyCount "87"]
[EventDate "2018.11.10"]
[EventType "team-tourn"]
[EventCountry "SVK"]
[SourceTitle "playchess.com"]
[Source "ChessBase"]
[SourceQuality "1"]
[WhiteTeam "Podhajska"]
[BlackTeam "Prakovce"]

{[%evp 20,87,38,41,74,74,79,83,86,87,88,85,88,79,98,90,127,124,214,208,219,211,167,238,229,265,246,215,229,216,206,166,196,199,186,175,140,110,282,272,380,364,351,298,309,280,622,614,634,621,1142,1039,1309,1300,1118,675,29968,29969,29971,29972,29972,29972,29974,29974,29978,29979,29979,29980,29980,29981]} 1. Nf3 Nf6 2. g3 d5 3. Bg2 Nbd7 4. c4 e6 5. b3 Bd6 6. Bb2 c6 7. Nc3 {A13: English Opening: 1...e6} O-O 8. Qc2 b6 9. d4 Bb7 10. O-O Rc8 11. e4 {LiveBook: 6 Games} Bb4 $146 ({Predecessor:} 11... Be7 12. Rfd1 Qc7 13. e5 Ne8 14. h4 Ba6 15. cxd5 cxd5 16. Ng5 g6 17. Qd2 {1-0 (42) Teterev,V (2505)-Shalamberidze,A (2415) Stockholm 2015}) 12. e5 Ne8 13. h4 Nc7 14. Ng5 {[%csl Gg5][%cal Rc2h7]} g6 15. Rad1 Be7 16. Bc1 Ba6 17. Rfe1 dxc4 18. Bxc6 Nb8 (18... Bb4 $16 {is a better defense.}) 19. Bg2 $18 cxb3 20. Qxb3 Bc4 21. Qxc4 Nd5 22. Qxc8 $1 {[%mdl 64] Deflection} ({Stronger than} 22. Bxd5 Rxc4 23. Bxc4 Qc8 $11) 22... Qxc8 23. Nxd5 exd5 24. Bxd5 h6 25. e6 Qd8 26. exf7+ Kh8 27. Nh3 Qxd5 28. Rxe7 Nc6 $2 (28... Kg7 $16) 29. Nf4 {[%mdl 64] Double Attack} ({Less strong is} 29. Bxh6 Nxe7 30. Bxf8 Qxf7 $16) 29... Qf3 30. Rd3 Qxd3 31. Nxd3 Nxe7 {[%mdl 4096] Endgame KRN-KBN} 32. Ba3 ({Weaker is} 32. Bxh6 Rxf7 33. Ne5 Rh7 $14) 32... Rxf7 $2 (32... Kg7 33. Bxe7 Rxf7) 33. Ne5 Kg7 34. Nxf7 Kxf7 {[#]} 35. Bxe7 $1 Kxe7 {KP-KP} 36. g4 b5 37. f4 h5 38. gxh5 {White mates.} gxh5 39. Kf2 Ke6 40. Ke3 a5 41. Kd3 Ke7 42. d5 Kd6 {[#]} 43. Kd4 $1 a4 44. a3 {Accuracy: White = 95%, Black = 39%.} 1-0

[Event "SVK ECo-C Extraliga 2018-19"]
[Site "Slovakia"]
[Date "2018.12.08"]
[Round "3"]
[White "Klekowski, Maciej"]
[Black "Polak, Tomas"]
[Result "1-0"]
[WhiteElo "2499"]
[BlackElo "2508"]
[Annotator "TA"]
[PlyCount "71"]
[EventDate "2018.11.10"]
[EventType "team-tourn"]
[EventCountry "SVK"]
[SourceTitle "playchess.com"]
[Source "ChessBase"]
[SourceQuality "1"]
[WhiteTeam "Prakovce"]
[BlackTeam "Podhajska"]

{[%evp 13,71,-13,0,0,0,-19,0,0,0,0,3,-1,13,18,30,25,18,-30,-28,-35,11,0,16,10,9,23,15,16,70,37,86,0,124,126,114,0,0,0,0,0,0,0,1068,545,779,757,1058,1009,1056,1061,1014,1020,29954,29954,29938,12843,6199,6087,1717,1189]} 1. c4 e5 2. g3 Nc6 3. Bg2 Nf6 4. Nc3 Bb4 5. e4 O-O 6. Nge2 d6 7. O-O h6 {LiveBook: 4 Games. A25: English Opening vs King's Indian with ...Nc6 but without early d3} (7... Bc5 8. d3 a6 9. h3 h6 10. Kh2 b5 11. Nd5 bxc4 12. dxc4 Nxd5 13. cxd5 Nd4 14. Be3 Nxe2 15. Qxe2 {0-1 (44) Matlakov,M (2694)-Wojtaszek,R (2749) Doha 2016}) 8. h3 Bc5 9. Kh2 a6 {The position is equal.} 10. a3 {[%cal Ba2a3,Ba3a4,Ba4a5][%mdl 32]} Nd4 $146 ({Predecessor:} 10... Re8 11. d3 Nd4 12. f4 {½-½ (39) Buhmann,R (2603)-Balogh,C (2613) Austria 2009}) 11. b4 Ba7 12. d3 c6 13. a4 Nxe2 14. Nxe2 d5 15. Bb2 dxc4 16. dxc4 Qe7 17. a5 Qxb4 18. Bxe5 Qxc4 19. Bxf6 gxf6 20. Nf4 Be6 ({Black should play} 20... Qc3 $1 $11) 21. Ra4 Rfd8 {[#]} 22. Nd5 (22. Qa1 $1 $16 Qb5 23. Nxe6 fxe6 24. Qa2) 22... cxd5 (22... Qb5 $11 23. Nxf6+ Kf8) 23. Rxc4 $16 dxc4 {[#]} 24. Qc1 (24. Qh5 $1 $16) 24... Kg7 $11 25. f4 {And now f5 would win.} Bd4 26. f5 Bd7 {White should prevent ...c3.} 27. Rf4 $36 {[%mdl 2048] Intending Rg4+ and mate. Black is under pressure.} Rac8 $2 {[%mdl 8192]} (27... h5 $11) 28. e5 Bxf5 {intending ...Bg6.} 29. Rh4 h5 30. Rxh5 {Qh6+ would kill now.} Rh8 31. exf6+ Bxf6 32. Rxf5 c3 33. Qf4 c2 34. Rxf6 c1=Q 35. Rxf7+ {[%mdl 64] Double Attack} Kg8 {[#]} 36. Rf8+ $1 {[%mdl 512] Accuracy: White = 70%, Black = 29%.} 1-0

[Event "SVK ECo-C Extraliga 2018-19"]
[Site "Slovakia"]
[Date "2018.12.08"]
[Round "3"]
[White "Repka, Christopher"]
[Black "Socko, Bartosz"]
[Result "0-1"]
[WhiteElo "2499"]
[BlackElo "2611"]
[Annotator "TA"]
[PlyCount "92"]
[EventDate "2018.11.10"]
[EventType "team-tourn"]
[EventCountry "SVK"]
[SourceTitle "playchess.com"]
[Source "ChessBase"]
[SourceQuality "1"]
[WhiteTeam "Zilina"]
[BlackTeam "Dunajov"]

{[%evp 15,92,27,27,0,2,-6,-15,-16,0,0,14,12,22,0,21,0,9,0,0,0,0,0,0,0,0,0,0,-18,0,-9,0,-14,0,-8,0,0,0,9,16,12,10,0,12,-50,-8,-14,0,0,0,0,0,0,0,0,0,-75,-78,-79,-77,-76,-81,-81,0,0,0,-116,-55,-1166,-1158,-1079,-989,-29968,-29964,-6297,-6135,-29986,-29987,-29987,-29988]} 1. Nf3 Nf6 2. g3 d5 3. Bg2 Bg4 4. h3 Bxf3 5. Bxf3 c6 6. d3 {A07: Réti Opening: New York and Capablanca Systems} Nbd7 7. O-O g6 (7... e5 8. e4 Bc5 9. exd5 Nxd5 10. Nc3 Nxc3 11. bxc3 O-O 12. Re1 Qc7 {1-0 (47) Artemiev,V (2706)-Lysyj,I (2631) Sochi 2018}) 8. e4 Bg7 {LiveBook: 3 Games} 9. Qe2 e5 $146 ({Predecessor:} 9... O-O 10. Nd2 e6 11. Bg2 Qb6 12. Kh2 Qa6 13. Qe1 Ne8 14. f4 {½-½ (52) Lobron,E (2528)-Polak,T (2509) Germany 2017}) 10. exd5 Nxd5 11. Nc3 Nxc3 (11... Nc7 {keeps more tension.} 12. d4 Ne6 13. d5 Nd4 14. Qd1 O-O) 12. bxc3 O-O 13. Rb1 Qc7 14. Re1 Rfe8 15. Be3 f5 16. Qd2 Rad8 17. Bg5 Bf6 18. Bg2 Bxg5 19. Qxg5 Kg7 20. Qc1 Nf6 21. Qb2 b6 22. Re2 Re7 23. Rbe1 Rde8 24. a4 c5 25. c4 Qd6 26. a5 bxa5 27. Qc3 a4 28. Qa5 h5 29. h4 (29. Qxa4 $11 e4 30. dxe4) 29... e4 30. dxe4 fxe4 31. Qxa4 Qd4 32. Qb3 Ng4 33. c3 Qf6 34. Qb5 e3 $36 {[%cal Re3f2][%mdl 2048] Black is more active.} 35. f3 (35. f4 $11) 35... Ne5 36. f4 Nd3 {[%mdl 64] [#] Discovered Attack} 37. Rd1 Qxc3 {aiming for ...Nc1.} 38. Qb1 Nf2 ({Black should play} 38... Rd8 $17 39. Bd5 Nb4) 39. Rd6 $11 Ne4 40. Rd3 {[#]} (40. Bxe4 $1 $11 {keeps the balance.} Rxe4 41. Qb7+ R4e7 42. Qc6 Qc1+ 43. Kh2) 40... Nxg3 ({Better is} 40... Rb8 $1 $17 {[%cal Rb8b1]} 41. Qd1 Nf2 {[%mdl 64] Double Attack} 42. Rxc3 Nxd1) 41. Rxc3 $4 {[%mdl 8192]} (41. Rexe3 $15 Rxe3 42. Rxc3 Rxc3 43. Qb2) 41... Nxe2+ $19 42. Kf1 Nxc3 43. Qa1 e2+ 44. Ke1 Re3 45. Qxa7+ Kh6 46. Qd7 Rb8 {Accuracy: White = 42%, Black = 51%.} 0-1

[Event "SVK ECo-C Extraliga 2018-19"]
[Site "Slovakia"]
[Date "2018.12.08"]
[Round "3"]
[White "Sipos, Istvan"]
[Black "Babula, Vlastimil"]
[Result "0-1"]
[WhiteElo "2492"]
[BlackElo "2541"]
[Annotator "TA"]
[PlyCount "66"]
[EventDate "2018.11.10"]
[EventType "team-tourn"]
[EventCountry "SVK"]
[SourceTitle "playchess.com"]
[Source "ChessBase"]
[SourceQuality "1"]
[WhiteTeam "Komarno"]
[BlackTeam "Snina"]

{[%evp 9,66,21,53,53,48,32,38,38,38,37,49,16,19,0,0,0,3,-8,0,-22,-4,-37,-31,-51,-51,-44,-45,-45,-41,-42,-43,-79,-80,-114,-89,-91,-101,-93,-105,-87,-95,-93,-62,-120,-101,-92,-134,-134,-134,-134,-134,-134,-129,-121,-127,-104,-48,-354,-348]} 1. e4 c5 2. Nf3 e6 3. d4 cxd4 4. Nxd4 a6 5. g3 Ne7 (5... Nf6 6. Bg2 Be7 7. O-O d6 8. c4 Bd7 9. b3 Nc6 10. Bb2 O-O 11. Nc3 Rc8 12. Rc1 Qa5 13. a4 Qb6 14. Nxc6 Bxc6 {1-0 (42) Zherebukh,Y (2636)-Hansen,E (2629) chess.com INT 2018}) 6. Bg2 {B41: Sicilian: Kan Variation: 5 c4} Nbc6 7. O-O Nxd4 8. Qxd4 {White is slightly better.} Nc6 9. Qd2 (9. Qc4 {is interesting.} b5 10. Qe2 a5 11. Be3 Ba6 12. Nc3) 9... Bc5 10. Nc3 O-O 11. b3 b5 $146 ({Predecessor:} 11... d6 12. Na4 Bd4 13. Bb2 Bxb2 14. Nxb2 Qc7 15. Nc4 Rd8 16. a4 e5 17. a5 {1-0 (60) Cherniaev,A (2420)-Bergstrom,R (2255) Gausdal 1993}) 12. Bb2 Bb7 13. Ne2 d6 14. Rad1 Rc8 15. Kh1 e5 16. a3 a5 17. f4 b4 18. axb4 axb4 19. f5 f6 20. Ra1 Qb6 21. Rfd1 Rfd8 22. g4 d5 23. exd5 Ne7 24. c4 {[#] Hoping for Ng3.} bxc3 $1 25. Nxc3 Qxb3 {...Bb4 is the strong threat.} 26. Rab1 (26. g5 $1 $15) 26... Qc4 $17 27. Ba1 Ba8 $36 {[%mdl 2048] Keeping White busy.} 28. h3 Bb4 {[%cal Rb4c3]} 29. Rbc1 {[#]} Nxd5 $1 {[%mdl 512]} 30. Nxd5 Bxd2 31. Rxc4 Rxc4 32. Rxd2 {Black must now prevent Nxf6+!} Kf7 (32... Kf8 $17 {aiming for ...Rc1+.} 33. Bb2 Kf7) 33. Kh2 $2 {[%mdl 8192]} (33. Bc3 $1 $15) 33... Rc5 {Accuracy: White = 31%, Black = 76%.} 0-1

[Event "SVK ECo-C Extraliga 2018-19"]
[Site "Slovakia"]
[Date "2018.12.08"]
[Round "3"]
[White "Nemeth, Miklos"]
[Black "Plat, Vojtech"]
[Result "1/2-1/2"]
[WhiteElo "2483"]
[BlackElo "2550"]
[Annotator "TA"]
[PlyCount "32"]
[EventDate "2018.11.10"]
[EventType "team-tourn"]
[EventCountry "SVK"]
[SourceTitle "playchess.com"]
[Source "ChessBase"]
[SourceQuality "1"]
[WhiteTeam "Streda"]
[BlackTeam "Modra"]

{[%evp 20,32,66,64,60,65,63,65,75,58,61,68,59,60,82]} 1. e4 d6 2. d4 Nf6 3. Nc3 e5 4. Nf3 Nbd7 5. Bc4 Be7 6. O-O O-O 7. Re1 c6 8. a4 a5 9. h3 Nb6 {C41: Philidor Defence} (9... Re8 10. Ba2 Bf8 11. Be3 Qc7 12. Ng5 Re7 13. f4 b6 14. fxe5 dxe5 15. d5 cxd5 16. exd5 {1-0 (16) Wang,H (2709)-Ivanchuk,V (2726) Huaian 2017}) 10. Bf1 Nfd7 11. Be3 {LiveBook: 8 Games} exd4 12. Nxd4 Nc5 13. Qf3 Bg5 14. b3 $146 (14. e5 $5) ({Predecessor:} 14. Bxg5 Qxg5 15. b3 Be6 16. Rad1 Rad8 17. g3 {1-0 (34) Sazonova,E (2159)-Manina,K (1987) Tyumen 2012}) 14... Re8 {White is slightly better.} 15. Rad1 Qf6 16. Qg3 Bxe3 1/2-1/2

[Event "SVK ECo-C Extraliga 2018-19"]
[Site "Slovakia"]
[Date "2018.12.08"]
[Round "3"]
[White "Petrik, Tomas"]
[Black "Antoniewski, Rafal"]
[Result "1/2-1/2"]
[WhiteElo "2466"]
[BlackElo "2517"]
[Annotator "TA"]
[PlyCount "47"]
[EventDate "2018.11.10"]
[EventType "team-tourn"]
[EventCountry "SVK"]
[SourceTitle "playchess.com"]
[Source "ChessBase"]
[SourceQuality "1"]
[WhiteTeam "Zilina"]
[BlackTeam "Dunajov"]

{[%evp 17,47,15,18,0,0,0,-7,-25,-22,-27,0,-24,0,-33,-37,-39,-61,-56,-26,-27,-4,-4,0,-13,0,0,0,0,0,0,0,-64]} 1. e4 e5 2. Nf3 Nf6 3. Nxe5 d6 4. Nf3 Nxe4 5. Nc3 Nxc3 6. dxc3 Be7 7. Be3 O-O 8. Qd2 {C42: Petroff Defence: 3 Nxe5 and unusual White 3rd moves} Re8 (8... Nd7 9. O-O-O Nf6 10. Bd3 c5 11. Rhe1 Be6 12. Kb1 Qa5 13. c4 Qxd2 14. Bxd2 h6 15. Nh4 Rfe8 {½-½ (55) Carlsen,M (2835)-Caruana,F (2832) London 2018}) 9. O-O-O Nd7 {LiveBook: 14 Games} 10. Kb1 Nf6 11. h3 $146 ({Predecessor:} 11. Bd3 Bd7 12. h4 c5 13. h5 h6 14. Bxh6 gxh6 15. Qxh6 Bf8 {½-½ (48) Cruzado Duenas,C (2594)-Akdag,M (2571) ICCF email 2015}) 11... Bd7 12. Bd3 c5 13. Bg5 Bc6 14. Qf4 h6 15. Bxf6 Bxf6 16. Rhe1 Rxe1 17. Rxe1 Qd7 18. a3 Rd8 19. Bf5 $36 {[%mdl 2048] The position is equal. White is pushing.} Qc7 20. Bd3 {[#] Qf5 is the strong threat.} Qd7 21. Bf5 Qc7 22. Bd3 {Black must now prevent Qf5.} Qd7 23. Bf5 Qc7 24. Ka1 {Precision: White = 49%, Black = 58%.} (24. Bd3 $11 Re8 25. Rxe8+ Bxe8 26. Qf5) 1/2-1/2

[Event "SVK ECo-C Extraliga 2018-19"]
[Site "Slovakia"]
[Date "2018.12.08"]
[Round "3"]
[White "Nayhebaver, Martin"]
[Black "Tazbir, Marcin"]
[Result "1/2-1/2"]
[WhiteElo "2460"]
[BlackElo "2532"]
[Annotator "TA"]
[PlyCount "78"]
[EventDate "2018.11.10"]
[EventType "team-tourn"]
[EventCountry "SVK"]
[SourceTitle "playchess.com"]
[Source "ChessBase"]
[SourceQuality "1"]
[WhiteTeam "Zilina"]
[BlackTeam "Dunajov"]

{[%evp 22,78,47,29,35,25,29,2,25,-32,-22,-50,-57,-47,-56,-43,-71,-54,-71,-86,-93,-104,-55,-52,-61,-55,-69,-92,3,3,41,51,72,101,48,60,35,53,49,36,31,10,256,233,218,175,167,0,0,0,0,0,0,0,0,0,0,0,0]} 1. e4 e5 2. Nf3 Nc6 3. Bb5 Nf6 4. d3 d6 5. O-O Be7 6. c3 O-O 7. h3 a6 8. Ba4 {[%cal Bb5a4,Ba4c2,Bc2d3][%mdl 32]} b5 9. Bc2 Re8 {C77: Ruy Lopez: 3...a6 4 Ba4 Nf6, unusual lines} 10. Re1 Bf8 11. a4 Bb7 12. Nbd2 {LiveBook: 3 Games} Ne7 {[%cal Bc6e7,Be7g6,Bg6f4][%mdl 32]} 13. d4 $146 ({Predecessor:} 13. Nb3 c5 14. Bg5 Ng6 15. axb5 axb5 16. Rxa8 Bxa8 17. Nh4 {0-1 (51) Hansen,E (2574)-Hjartarson,J (2571) Reykjavik 2014}) 13... Ng6 14. Bd3 Qd7 15. d5 (15. Qc2 $11) 15... c6 $15 16. c4 Nf4 ({Much worse is} 16... cxd5 $6 17. cxd5 Nh5 18. Nb3 $14) 17. Bf1 bxc4 ({Of course not} 17... cxd5 $6 18. cxd5 Be7 19. Nb3 $16) 18. Nxc4 cxd5 19. Nb6 {[%mdl 64] [#] Double Attack} Qd8 20. Nxa8 {Bxf4 is the strong threat.} dxe4 21. Nd4 Qxa8 (21... Nd3 {looks sharper.} 22. Bxd3 exd3 23. Bg5 exd4 24. Rxe8 Qxe8 25. Bxf6 gxf6 26. Qxd3 Qc6) 22. Bxf4 $1 exf4 23. b4 d5 24. Rb1 g5 (24... Qb8 $17 25. b5 a5) 25. a5 $11 Bd6 26. b5 Be5 27. Qa4 h5 (27... Qa7 $16) 28. bxa6 Bxa6 29. Bxa6 Qxa6 30. Rb6 Qc8 $1 31. Nc6 Bc3 $2 (31... Bd6 $11 {and Black has nothing to worry.}) 32. Rc1 $18 {[%cal Be1c1,Bc1c3,Bc3e3][%mdl 32]} e3 33. fxe3 fxe3 34. Qa3 $2 (34. Rxc3 $18 {Threatens to win with Ne7+!} e2 35. Ne7+ {[%mdl 64] Double Attack, Discovered Attack} Kg7 36. Qa1 (36. Nxc8 $2 {too greedy.} e1=Q+ {[%mdl 64] Double Attack} 37. Kh2 Qe5+ 38. Kh1 Qxc3 $19) 36... Rxe7 37. Rxc8 e1=Q+ 38. Qxe1 Rxe1+ 39. Kf2) 34... Ne4 $11 {[#] White must now prevent ...e2.The position is equal.} 35. Rxc3 {And now Ne7+ would win.} Qf5 36. Rxe3 Qf2+ 37. Kh2 Qf4+ $1 38. Kg1 Qf2+ 39. Kh2 Qf4+ $1 {Accuracy: White = 44%, Black = 60%.} 1/2-1/2

[Event "SVK ECo-C Extraliga 2018-19"]
[Site "Slovakia"]
[Date "2018.12.08"]
[Round "3"]
[White "Varga, Zoltan"]
[Black "Stohl, Igor"]
[Result "1/2-1/2"]
[WhiteElo "2440"]
[BlackElo "2488"]
[Annotator "TA"]
[PlyCount "37"]
[EventDate "2018.11.10"]
[EventType "team-tourn"]
[EventCountry "SVK"]
[SourceTitle "playchess.com"]
[Source "ChessBase"]
[SourceQuality "1"]
[WhiteTeam "Streda"]
[BlackTeam "Modra"]

{[%evp 22,27,-4,-18,-12,-19,0,-3]} 1. e4 e5 2. Nf3 Nf6 3. Nxe5 d6 4. Nf3 Nxe4 5. Qe2 Qe7 6. d3 Nf6 7. Bg5 Qxe2+ 8. Bxe2 Be7 9. Nc3 c6 10. O-O-O Na6 11. d4 {C42: Petroff Defence: 3 Nxe5 and unusual White 3rd moves} (11. h3 Nc7 12. Rhe1 {½-½ (12) Bruzon Batista,L (2681)-Dominguez Perez,L (2723) Varadero 2016}) 11... Nc7 12. h3 {LiveBook: 4 Games. The position is equal.} h6 13. Bd2 Be6 14. Bd3 {Predecessor:} g5 $146 15. Rde1 Kd7 16. Ne2 Nh5 17. c4 b5 18. b3 bxc4 19. bxc4 {½-½ (34) Leito,P (2377)-Teemae,L Tallinn 2000} 1/2-1/2

[Event "SVK ECo-C Extraliga 2018-19"]
[Site "Slovakia"]
[Date "2018.12.08"]
[Round "3"]
[White "Cernousek, Lukas"]
[Black "Mazur, Stefan"]
[Result "1/2-1/2"]
[WhiteElo "2436"]
[BlackElo "2413"]
[Annotator "TA"]
[PlyCount "58"]
[EventDate "2018.11.10"]
[EventType "team-tourn"]
[EventCountry "SVK"]
[SourceTitle "playchess.com"]
[Source "ChessBase"]
[SourceQuality "1"]
[WhiteTeam "Dubnica"]
[BlackTeam "Liptovska"]

{[%evp 21,58,41,54,42,42,34,47,60,53,20,58,40,62,11,35,0,0,0,0,0,0,0,0,0,0,0,-10,-28,-6,-21,0,0,38,0,0,0,0,-1,-1]} 1. d4 Nf6 2. c4 g6 3. g3 Bg7 4. Bg2 O-O 5. Nf3 d6 6. O-O Nbd7 7. Nc3 c6 8. e4 e5 9. h3 Re8 10. Be3 b6 11. Re1 Qc7 {LiveBook: 3 Games} 12. Qc2 {E69: King's Indian: Fianchetto: 6...Nbd7 7 0-0 e5 8 e4 c6 9 h3} Bb7 13. Rad1 exd4 14. Nxd4 {White is slightly better.} a6 15. g4 {[#]} Nc5 $146 ({Predecessor:} 15... h6 16. Qd2 Kh7 {0-1 (55) Santana Penate,G (2590)-Aldrete Lobo,J (2523) ICCF email 2007}) 16. Nde2 Rad8 17. Ng3 (17. f4 $14) 17... b5 18. b4 Ne6 19. cxb5 cxb5 20. Rc1 d5 21. exd5 Nxd5 22. Nxd5 Qxc2 23. Rxc2 {[#] Hoping for Nf6+.} Bxd5 24. Bb6 Nf4 (24... Bxg2 {seems wilder.} 25. Bxd8 Bxh3 26. Bh4 Bxg4 27. Ne4 Bf5) 25. Rd1 Nxg2 26. Bxd8 Rxd8 27. Rxd5 Rxd5 {The position is equal.} 28. Kxg2 Rd4 29. Rc6 Rxb4 {Accuracy: White = 44%, Black = 44%.} 1/2-1/2